| 000 | 00786nam a22002297a 4500 | ||
|---|---|---|---|
| 999 |
_c19927 _d19927 |
||
| 003 | AR-CdUCM | ||
| 008 | 190523b ||||| |||| 00| 0 spa d | ||
| 020 | _a8489293252 | ||
| 040 |
_aMUNICIPALIDAD PROVINCIAL DEL CUSCO _cBIBLIOTECA MUNICIPAL DEL CUSCO |
||
| 082 |
_a330.15 / _bK15 |
||
| 100 |
_aKafka, folke _912131 |
||
| 245 | _aTeoría económica / | ||
| 260 |
_aLima : _bUniversidad del pacifico, _c1990. |
||
| 300 |
_a800 páginas, _c24 cm. |
||
| 440 |
_aCentro de investigación (CIUP) _941648 |
||
| 505 | _aContenido : El comportamiento del consumidor -- Las curvas de demanda -- Elasticidad de demanda y sus relaciones... | ||
| 650 |
_aAnálisis económico _95582 |
||
| 650 |
_aConsumidores _941649 |
||
| 650 |
_aProductores _941650 |
||
| 942 |
_2ddc _cLIBROS |
||
| 945 | _arcc | ||